[Event "XVII Open B"]
[Site "Crema ITA"]
[Date "2016.09.03"]
[Round "4"]
[White "Haller, Quentin"]
[Black "Righini, Giovanni"]
[WhiteElo "1561"]
[BlackElo "1850"]
[Result "0-1"]
[PlyCount "88"]
[EventDate "2016.09.02"]

1. d4 Nf6 2. c4 g6 3. Nc3 d5 4. cxd5 Nxd5 5. e4 Nxc3 6. bxc3 Bg7 7. Bc4 O-O 8.
Be3 c5 9. Ne2 Nc6 10. O-O cxd4 11. cxd4 Na5 12. Rc1 Nxc4 13. Rxc4 b6 14. Qd2
Ba6 15. Ra4 Bb7 16. f3 Qd7 17. Ra3 Rfd8 18. Rd1 e6 19. Bh6 Qd6 20. Rb3 Bxh6 21.
Qxh6 Rac8 22. Qd2 Rc4 23. Rc3 Rdc8 24. Rdc1 Qb4 25. Kf2 Rxc3 26. Rxc3 Rxc3 27.
Qxc3 Qxc3 28. Nxc3 Kf8 29. Ke3 Ke7 30. e5 Bc6 31. Ne4 b5 32. Nd6 a5 33. Kd3 f5
34. a3 f4 35. Ne4 Bd5 36. Nf6 Bc4+ 37. Ke4 b4 38. axb4 a4 39. d5 a3 40. d6+ Kd8
41. Kd4 a2 42. Kxc4 a1=Q 43. Ng4 h5 44. Nf6 Qxe5 0-1

[Event "XVII Open B"]
[Site "Crema ITA"]
[Date "2016.09.03"]
[Round "4"]
[White "Lussetti, Jacopo"]
[Black "Sparber, Werner"]
[WhiteElo "1632"]
[BlackElo "1785"]
[Result "0-1"]
[PlyCount "68"]
[EventDate "2016.09.02"]

1. d4 d5 2. c4 e6 3. Nc3 Nf6 4. Nf3 c6 5. Bg5 Be7 6. e3 Nbd7 7. Bd3 h6 8. Bh4
O-O 9. O-O dxc4 10. Bxc4 b5 11. Bd3 Bb7 12. a3 a6 13. Rc1 Rc8 14. Re1 c5 15.
Bb1 b4 16. axb4 cxb4 17. Na2 Qa5 18. Rxc8 Rxc8 19. Nc1 Qh5 20. e4 Nf8 21. Bg3
Ng6 22. e5 Bxf3 23. Qxf3 Qxf3 24. gxf3 Nd5 25. Nb3 Ngf4 26. Re4 g5 27. h4 a5
28. hxg5 hxg5 29. Re1 a4 30. Nc1 Rxc1 31. Rxc1 Ne2+ 32. Kf1 Nxc1 33. Ke1 Nb3
34. Bc2 Nxd4 0-1

[Event "XVII Open B"]
[Site "Crema ITA"]
[Date "2016.09.03"]
[Round "4"]
[White "Maraschi, Alberto"]
[Black "Piana, Bruno"]
[WhiteElo "1311"]
[BlackElo "1563"]
[Result "0-1"]
[PlyCount "82"]
[EventDate "2016.09.02"]

1. e4 c5 2. Nf3 e6 3. d4 cxd4 4. Nxd4 Nf6 5. Nc3 a6 6. Be3 Qc7 7. Be2 Bd6 8.
Qd2 Nc6 9. Nb3 O-O 10. a3 Be7 11. h4 b5 12. g4 d5 13. f3 dxe4 14. Nxe4 Nxe4 15.
fxe4 Rd8 16. Bd3 Bb7 17. O-O-O b4 18. a4 Ne5 19. Qe2 Rxd3 20. Rxd3 Bxe4 21.
Rhd1 Nxd3+ 22. Rxd3 Bxd3 23. Qxd3 Bxh4 24. g5 Qg3 25. c3 bxc3 26. bxc3 Bxg5 27.
Bxg5 Qxg5+ 28. Kb2 Qd5 29. Qg3 Qb7 30. Kc2 Rb8 31. Nc5 Qb2+ 32. Kd3 Rd8+ 33.
Ke4 Qe2+ 34. Kf4 Qc4+ 35. Ne4 f5 36. Kg5 Qxe4 37. a5 h6+ 38. Kg6 f4+ 39. Kh5
fxg3 40. c4 Rd4 41. c5 Rd5# 0-1

[Event "XVII Open B"]
[Site "Crema ITA"]
[Date "2016.09.03"]
[Round "4"]
[White "Marzatico, Luca"]
[Black "De Palma, Fabrizio"]
[WhiteElo "1802"]
[BlackElo "1994"]
[Result "1/2-1/2"]
[PlyCount "61"]
[EventDate "2016.09.02"]

1. Nf3 Nf6 2. g3 g6 3. Bg2 Bg7 4. O-O O-O 5. d4 d6 6. c4 c5 7. e3 Nbd7 8. Nc3
Rb8 9. Bd2 a6 10. a4 b6 11. d5 Ng4 12. h3 Nge5 13. Nxe5 Nxe5 14. Qe2 e6 15. f4
Nd7 16. Rad1 e5 17. f5 gxf5 18. Rxf5 Nf6 19. Rf2 Ne8 20. g4 Bf6 21. Bf3 Bh4 22.
Rg2 Ng7 23. Rf1 Kh8 24. Qd3 h6 25. Ne2 b5 26. b3 bxa4 27. bxa4 Bd7 28. a5 Rb2
29. Ng3 Qb8 30. Be1 Rb3 31. Qe2 1/2-1/2

[Event "XVII Open B"]
[Site "Crema ITA"]
[Date "2016.09.03"]
[Round "4"]
[White "Oteri, Aldo"]
[Black "Casartelli, Fabio"]
[WhiteElo "1803"]
[BlackElo "1702"]
[Result "0-1"]
[PlyCount "84"]
[EventDate "2016.09.02"]

1. e4 b6 2. d4 e6 3. Nf3 Ba6 4. c4 Bb4+ 5. Bd2 Bxd2+ 6. Nbxd2 Ne7 7. Bd3 O-O 8.
O-O Ng6 9. Re1 c5 10. d5 e5 11. Nf1 d6 12. Ne3 Nd7 13. Nf5 Nf6 14. g3 Bc8 15.
Qd2 Re8 16. Bf1 Nxe4 17. Rxe4 Bxf5 18. Re3 e4 19. Rae1 Qd7 20. Ng5 Ne5 21. Bg2
Nxc4 22. Qc2 Nxe3 23. Rxe3 Bg6 24. Bxe4 Bxe4 25. Rxe4 g6 26. Rh4 Qf5 27. Qxf5
gxf5 28. Kf1 Re5 29. Nxh7 Kg7 30. Ng5 Rxd5 31. Nf3 Re8 32. Ra4 Re7 33. h4 b5
34. Ra5 b4 35. b3 Rd1+ 36. Kg2 Rc1 37. Nd2 d5 38. Nf3 Rc2 39. Ng1 d4 40. Ra6
Rd7 41. h5 d3 42. h6+ Kh8 0-1

[Event "XVII Open B"]
[Site "Crema ITA"]
[Date "2016.09.03"]
[Round "4"]
[White "Pinna, Ferdinando"]
[Black "Esposito, Giuseppe"]
[WhiteElo "1894"]
[BlackElo "1757"]
[Result "1-0"]
[PlyCount "81"]
[EventDate "2016.09.02"]

1. c4 Nf6 2. Nf3 g6 3. g3 Bg7 4. Bg2 O-O 5. O-O c6 6. d4 d5 7. cxd5 cxd5 8. Nc3
Nc6 9. Ne5 e6 10. f4 Qb6 11. e3 Bd7 12. Bd2 h5 13. Qe2 Nxe5 14. fxe5 Ng4 15.
Bh3 Nh6 16. Nxd5 Qb5 17. Qxb5 Bxb5 18. Nf6+ Kh8 19. Rfc1 Rac8 20. Bb4 Rfd8 21.
Be7 Rxc1+ 22. Rxc1 Ra8 23. e4 Ng8 24. Nxg8 Kxg8 25. Rc7 b6 26. Kf2 Ba6 27. Bf1
Rc8 28. Rxc8+ Bxc8 29. Bb5 a6 30. Bc6 Bh6 31. d5 exd5 32. exd5 Bc1 33. b3 Bb2
34. Bf6 Bd4+ 35. Kg2 Bc5 36. d6 a5 37. d7 Bxd7 38. Bxd7 Bd4 39. h3 Bc5 40. Kf3
Kf8 41. Ke4 1-0

[Event "XVII Open B"]
[Site "Crema ITA"]
[Date "2016.09.03"]
[Round "4"]
[White "Scarpellini, Felice"]
[Black "Tedoldi, Guido"]
[WhiteElo "1652"]
[BlackElo "1526"]
[Result "1/2-1/2"]
[PlyCount "71"]
[EventDate "2016.09.02"]

1. c4 c5 2. g3 Nc6 3. Bg2 e5 4. d3 Nf6 5. e4 d6 6. Nc3 Be7 7. Nge2 h6 8. O-O
Bg4 9. f3 Bh5 10. Nd5 Nxd5 11. cxd5 Nb4 12. a3 Na6 13. Bd2 O-O 14. Nc3 Nc7 15.
Qc1 Bg6 16. f4 f5 17. fxe5 dxe5 18. Na4 b6 19. Rb1 Nb5 20. Be3 Bg5 21. Bxg5
hxg5 22. Nc3 Nd4 23. Qd1 g4 24. Kh1 Bh5 25. exf5 Nxf5 26. Qe2 Qg5 27. Qxe5 Rae8
28. Qf4 Qd8 29. Qd2 Nd4 30. Rxf8+ Rxf8 31. Be4 Qf6 32. a4 Nf3 33. Qe3 Ng5 34.
Bg2 Nh3 35. Ne4 Qg6 36. Rf1 1/2-1/2

[Event "XVII Open B"]
[Site "Crema ITA"]
[Date "2016.09.03"]
[Round "4"]
[White "Simeone, Giulio Maria"]
[Black "Pisani, Valerio"]
[WhiteElo "1641"]
[BlackElo "1710"]
[Result "1/2-1/2"]
[PlyCount "60"]
[EventDate "2016.09.02"]

1. e4 g6 2. d4 Bg7 3. Nc3 d6 4. h3 a6 5. Be3 b5 6. a3 Bb7 7. f4 Nd7 8. Nf3 Ngf6
9. Bd3 c5 10. d5 Nh5 11. O-O c4 12. Be2 Nc5 13. e5 Ng3 14. Re1 Qc7 15. Bf2 Nce4
16. Nxe4 Nxe4 17. Bd4 dxe5 18. Bxe5 Bxe5 19. fxe5 Qc5+ 20. Qd4 Qxd4+ 21. Nxd4
Bxd5 22. Bf3 f5 23. exf6 Nxf6 24. Bxd5 Nxd5 25. Re5 O-O-O 26. Rae1 Rd7 27. Nc6
Re8 28. Kf2 Kc7 29. Nd4 Rf8+ 30. Kg3 Rf6 1/2-1/2

[Event "XVII Open B"]
[Site "Crema ITA"]
[Date "2016.09.03"]
[Round "4"]
[White "Tagliaferri, Valerio"]
[Black "Peloni, Davide"]
[WhiteElo "1785"]
[BlackElo "1587"]
[Result "0-1"]
[PlyCount "36"]
[EventDate "2016.09.02"]

1. c4 e5 2. Nc3 Nc6 3. g3 f5 4. Bg2 Nf6 5. e3 Bc5 6. d3 d6 7. Nge2 O-O 8. a3
Qe8 9. b4 Bb6 10. O-O Qh5 11. h3 f4 12. exf4 Bxh3 13. fxe5 Bxg2 14. Kxg2 Ng4
15. f4 Qh2+ 16. Kf3 Ncxe5+ 17. Ke4 Qg2+ 18. Rf3 Qxf3# 0-1

[Event "XVII Open B"]
[Site "Crema ITA"]
[Date "2016.09.03"]
[Round "4"]
[White "Vargiu, Antonio"]
[Black "Tiraboschi, Nicolo'"]
[WhiteElo "1654"]
[BlackElo "1723"]
[Result "0-1"]
[PlyCount "82"]
[EventDate "2016.09.02"]

1. e4 c5 2. c3 d5 3. exd5 Qxd5 4. Nf3 g6 5. d4 Bg7 6. Be2 Nc6 7. Be3 cxd4 8.
cxd4 Nf6 9. Nc3 Qd8 10. O-O Nd5 11. Qd2 O-O 12. Rad1 e6 13. Bh6 b6 14. Bxg7
Kxg7 15. Ne5 Bb7 16. Bf3 Nce7 17. Nxd5 Bxd5 18. Rc1 Bxf3 19. Nxf3 Rc8 20. Rfd1
Qd5 21. b3 Rfd8 22. Qf4 Nc6 23. Rc4 Na5 24. Rc7 Rxc7 25. Qxc7 Rd7 26. Qf4 Nc6
27. h4 e5 28. Qg4 exd4 29. h5 Qf5 30. Qxf5 gxf5 31. Nh4 Kf6 32. Nf3 Ne5 33.
Nxe5 Kxe5 34. Kf1 d3 35. Ke1 Kd4 36. Rc1 b5 37. Kd2 Re7 38. Rc8 Re2+ 39. Kd1
Rxa2 40. Rd8+ Kc3 41. Rc8+ Kxb3 0-1

[Event "XVII Open B"]
[Site "Crema ITA"]
[Date "2016.09.04"]
[Round "5"]
[White "Andolfatto, Maria"]
[Black "Marzatico, Luca"]
[WhiteElo "1772"]
[BlackElo "1802"]
[Result "1-0"]
[PlyCount "107"]
[EventDate "2016.09.02"]

1. Nf3 Nf6 2. b3 d5 3. Bb2 c5 4. e3 Nc6 5. Bb5 Bd7 6. Bxc6 Bxc6 7. O-O e6 8. d3
Bd6 9. Nbd2 Qc7 10. Qe2 O-O-O 11. a3 Ng4 12. h3 h5 13. e4 f6 14. b4 Rdf8 15.
bxc5 Bxc5 16. d4 dxe4 17. Nxe4 Be7 18. Rfd1 b6 19. c4 Rd8 20. Rac1 f5 21. Ng3
Bd6 22. d5 Nxf2 23. Qxf2 Bxg3 24. Qe2 Ba4 25. Qxe6+ Kb7 26. Rf1 Rhe8 27. Qxf5
Bd7 28. Qd3 Re7 29. Bd4 Qd6 30. Qb3 Qg6 31. Rc2 Bf5 32. Rb2 Bd3 33. Rd1 Be2 34.
Ra1 Rde8 35. Bf2 Rf7 36. Qc2 Bd3 37. Qd1 Bf5 38. Nh4 Qf6 39. Nxf5 Qxb2 40. Bd4
Bf2+ 41. Bxf2 Rxf5 42. Bd4 Qe2 43. Qa4 Qe7 44. Qc6+ Kb8 45. d6 Qd8 46. Rb1 Qc8
47. Qa4 Rf7 48. c5 Qd7 49. c6 Qxd6 50. Bxb6 Re1+ 51. Rxe1 axb6 52. Re8+ Kc7 53.
Qa7+ Kxc6 54. Qxf7 1-0

[Event "XVII Open B"]
[Site "Crema ITA"]
[Date "2016.09.04"]
[Round "5"]
[White "Annicchiarico, Luigi"]
[Black "Caccia, Mathias"]
[WhiteElo "1804"]
[BlackElo "1698"]
[Result "1/2-1/2"]
[PlyCount "60"]
[EventDate "2016.09.02"]

1. d4 d5 2. c4 c6 3. cxd5 cxd5 4. Nc3 Nf6 5. Nf3 Nc6 6. Bf4 Bf5 7. e3 e6 8. Bd3
Bxd3 9. Qxd3 Bd6 10. Bxd6 Qxd6 11. O-O Rc8 12. Rfc1 O-O 13. a3 Rc7 14. Nb5 Qd7
15. Nxc7 Qxc7 16. Ne5 Nxe5 17. dxe5 Qxe5 18. Qd4 Qxd4 19. exd4 Ne4 20. Rc7 Rb8
21. Rac1 g6 22. Rc8+ Rxc8 23. Rxc8+ Kg7 24. Rc7 Nd6 25. Rd7 Kf6 26. Rxd6 Ke7
27. Rxd5 exd5 28. Kf1 Ke6 29. Ke2 Kf5 30. Kf3 h5 1/2-1/2

[Event "XVII Open B"]
[Site "Crema ITA"]
[Date "2016.09.04"]
[Round "5"]
[White "Biava, Pierluigi"]
[Black "Tagliaferri, Valerio"]
[WhiteElo "1653"]
[BlackElo "1785"]
[Result "1-0"]
[PlyCount "43"]
[EventDate "2016.09.02"]

1. e3 b6 2. b3 Bb7 3. Bb2 e6 4. c4 f5 5. Nc3 Nf6 6. Rc1 Be7 7. a3 O-O 8. Nf3
Ne4 9. Be2 Bf6 10. d4 d6 11. O-O Nd7 12. Nd2 Qe7 13. Bf3 Nxd2 14. Bxb7 Nxf1 15.
Bxa8 Nxe3 16. Qf3 Ng4 17. Nb5 d5 18. Bc6 a6 19. Nxc7 Qd6 20. Nxe6 Qxe6 21. Bxd5
Kf7 22. Qxf5 1-0

[Event "XVII Open B"]
[Site "Crema ITA"]
[Date "2016.09.04"]
[Round "5"]
[White "Bonoldi, Fabio"]
[Black "Pisani, Valerio"]
[WhiteElo "1838"]
[BlackElo "1710"]
[Result "0-1"]
[PlyCount "62"]
[EventDate "2016.09.02"]

1. c4 e5 2. g3 Nf6 3. Bg2 Bc5 4. Nc3 d6 5. e3 Nc6 6. Nge2 Bg4 7. O-O Qd7 8. a3
a5 9. b3 O-O 10. Bb2 Rfe8 11. d3 Bh3 12. Qd2 Bxg2 13. Kxg2 d5 14. cxd5 Nxd5 15.
Ne4 Bb6 16. Rfd1 Rad8 17. Rac1 Qe7 18. N2c3 Qe6 19. Na4 f5 20. Nec5 Qg6 21. Qe2
f4 22. e4 f3+ 23. Qxf3 Rf8 24. Qxf8+ Rxf8 25. exd5 Nd4 26. Nxb6 cxb6 27. Bxd4
exd4 28. Ne6 Re8 29. Rc7 Qh5 30. Nxg7 Qxd5+ 31. Kg1 Re2 0-1

[Event "XVII Open B"]
[Site "Crema ITA"]
[Date "2016.09.04"]
[Round "5"]
[White "Borboni, Paolo"]
[Black "Raimondi, Celso"]
[WhiteElo "1729"]
[BlackElo "1623"]
[Result "1/2-1/2"]
[PlyCount "127"]
[EventDate "2016.09.02"]

1. d4 d5 2. c4 c6 3. Nc3 Nf6 4. cxd5 cxd5 5. Bf4 e6 6. e3 a6 7. Bd3 Bd6 8. Nge2
Bxf4 9. Nxf4 b5 10. a3 Bb7 11. Rc1 O-O 12. O-O Nbd7 13. Bb1 Rc8 14. Nd3 Nb6 15.
b3 Nbd7 16. f4 Qe7 17. b4 Nb6 18. Ne5 Nc4 19. Qd3 g6 20. Nxc4 Rxc4 21. Ne2 Rfc8
22. Ba2 Rxc1 23. Rxc1 Rxc1+ 24. Nxc1 Qc7 25. Ne2 Ne4 26. Bb3 Bc8 27. g3 Bd7 28.
Kg2 a5 29. Qc2 Qb6 30. Nc1 axb4 31. axb4 Qa7 32. Nd3 Nd6 33. Ne5 Nc4 34. Kf2
Be8 35. Qa2 Qxa2+ 36. Bxa2 Na3 37. Bb3 f6 38. Nd3 Kf8 39. Nc5 Ke7 40. Kf3 Bc6
41. Kg4 Nc4 42. Kf3 Nd2+ 43. Ke2 Nxb3 44. Nxb3 Kd6 45. Kd3 e5 46. Na5 Ba8 47.
Nb3 Bb7 48. Nc5 Bc8 49. Nb3 Bf5+ 50. Kc3 h5 51. h4 exf4 52. exf4 Bg4 53. Kd3
Bf3 54. Nc5 Bd1 55. Kd2 Bg4 56. Kd3 Bh3 57. Ke2 Bg2 58. Kf2 Bh1 59. Ke3 Bg2 60.
Kf2 Bh3 61. Ke3 Bg4 62. Kd2 Bf3 63. Ke3 Bd1 64. Kd2 1/2-1/2

[Event "XVII Open B"]
[Site "Crema ITA"]
[Date "2016.09.04"]
[Round "5"]
[White "Casartelli, Fabio"]
[Black "Colombo, Luca"]
[WhiteElo "1702"]
[BlackElo "1803"]
[Result "1-0"]
[PlyCount "121"]
[EventDate "2016.09.02"]

1. d4 Nf6 2. Nf3 d5 3. Bf4 Bf5 4. Nbd2 e6 5. e3 Bd6 6. Bxd6 Qxd6 7. c4 c6 8.
Be2 O-O 9. O-O h6 10. c5 Qc7 11. Ne5 Nbd7 12. f4 Ne4 13. Nxe4 Bxe4 14. b4 Nf6
15. b5 Nh7 16. bxc6 bxc6 17. Qa4 Rfc8 18. Bh5 g6 19. Bf3 Nf6 20. h3 Kg7 21. Qa6
Rab8 22. Bxe4 Nxe4 23. Rfb1 Nc3 24. Rxb8 Qxb8 25. Rc1 Qb2 26. Rxc3 Qxc3 27.
Qxc8 Qxe3+ 28. Kf1 Qc1+ 29. Kf2 Qd2+ 30. Kg3 Qxd4 31. Qxc6 g5 32. Nf3 Qxf4+ 33.
Kf2 d4 34. Qd6 Qe3+ 35. Kf1 Qc1+ 36. Ne1 d3 37. Qxd3 Qxc5 38. Nf3 Qc1+ 39. Kf2
Qb2+ 40. Qd2 Qb7 41. Qd4+ f6 42. a4 e5 43. Qd6 e4 44. Nd4 e3+ 45. Kxe3 Qxg2 46.
Qd7+ Kg6 47. Qe8+ Kh7 48. Qf7+ Kh8 49. Qxf6+ Kh7 50. Qf7+ Kh8 51. Qf8+ Kh7 52.
Qf5+ Kh8 53. Ne6 Qg3+ 54. Ke4 Qe1+ 55. Kd5 Qa5+ 56. Nc5 Qd2+ 57. Ke6 Qa2+ 58.
Kf6 Qg8 59. Ne6 Qb8 60. Kg6 Qg8+ 61. Kxh6 1-0

[Event "XVII Open B"]
[Site "Crema ITA"]
[Date "2016.09.04"]
[Round "5"]
[White "De Palma, Fabrizio"]
[Black "Magnani, Carlo"]
[WhiteElo "1994"]
[BlackElo "1774"]
[Result "1-0"]
[PlyCount "35"]
[EventDate "2016.09.02"]

1. e4 c6 2. d4 d5 3. Nc3 dxe4 4. Nxe4 Nd7 5. Ng5 Ngf6 6. Bd3 e6 7. Qe2 Be7 8.
N1f3 O-O 9. Bd2 Nb6 10. O-O-O Nbd5 11. c4 Nb4 12. Bb1 Qc7 13. a3 Na6 14. h4 c5
15. Nxh7 Nxh7 16. Bxh7+ Kxh7 17. Ng5+ Kg6 18. h5+ 1-0

[Event "XVII Open B"]
[Site "Crema ITA"]
[Date "2016.09.04"]
[Round "5"]
[White "Esposito, Giuseppe"]
[Black "Avathanshu, Bhat"]
[WhiteElo "1757"]
[BlackElo "1293"]
[Result "1-0"]
[PlyCount "49"]
[EventDate "2016.09.02"]

1. e4 c5 2. b4 cxb4 3. a3 bxa3 4. Bxa3 d6 5. Nf3 Nc6 6. d4 Nf6 7. Bd3 Bg4 8.
Bb2 Qb6 9. Qc1 Bxf3 10. gxf3 Nxd4 11. Nd2 Nc6 12. Nc4 Qc7 13. Ne3 g6 14. h4 Ne5
15. Bb5+ Kd8 16. Ke2 Ned7 17. h5 e5 18. hxg6 fxg6 19. Rd1 Be7 20. Ra3 a6 21.
Qa1 Rc8 22. Bxd7 Qxd7 23. Bxe5 Qb5+ 24. c4 Rf8 25. cxb5 1-0

[Event "XVII Open B"]
[Site "Crema ITA"]
[Date "2016.09.04"]
[Round "5"]
[White "Folcini, Gaddo"]
[Black "Lussetti, Jacopo"]
[WhiteElo "1570"]
[BlackElo "1632"]
[Result "0-1"]
[PlyCount "61"]
[EventDate "2016.09.02"]

1. d4 Nf6 2. e4 Nxe4 3. Nf3 d5 4. Ne5 g6 5. Nd2 Nxd2 6. Bxd2 Bg7 7. Be2 O-O 8.
O-O c5 9. h4 cxd4 10. h5 Bxe5 11. hxg6 fxg6 12. Bh6 Rf7 13. f4 Bh8 14. Bd3 Bg7
15. Bxg7 Kxg7 16. Bb5 Qb6 17. Be8 Rf8 18. Ba4 Nd7 19. Qe1 Qd6 20. c3 Nc5 21.
Qd2 dxc3 22. Qd4+ Kg8 23. Bc2 cxb2 24. Qxb2 b6 25. Rae1 Ba6 26. Rf3 e6 27. Rg3
Qxf4 28. Ree3 Qf6 29. Qb1 Qf1+ 30. Qxf1 Rxf1+ 31. Kh2 0-1

[Event "XVII Open B"]
[Site "Crema ITA"]
[Date "2016.09.04"]
[Round "5"]
[White "Mapelli, Davide"]
[Black "Gorini, Michele"]
[WhiteElo "1735"]
[BlackElo "1604"]
[Result "1/2-1/2"]
[PlyCount "67"]
[EventDate "2016.09.02"]

1. e4 b6 2. Nc3 Bb7 3. d3 e6 4. g3 g6 5. Bg2 Bg7 6. f4 Ne7 7. Nf3 d5 8. Bd2
dxe4 9. dxe4 c5 10. O-O Nbc6 11. Nh4 Qd4+ 12. Kh1 O-O-O 13. Nf3 Qd7 14. Qe2 Nd4
15. Nxd4 Bxd4 16. Rfd1 Nc6 17. Be3 Kb8 18. Nb5 Qc8 19. c3 Bxe3 20. Qxe3 Rd7 21.
Nd6 Qd8 22. e5 Na5 23. Rd2 Bxg2+ 24. Kxg2 Nb7 25. Rad1 Qc7 26. Nxb7 Rxd2+ 27.
Rxd2 Kxb7 28. Qe4+ Kb8 29. Qd3 Kc8 30. Kf3 Rd8 31. Qxd8+ Qxd8 32. Rxd8+ Kxd8
33. Ke4 Kd7 34. g4 1/2-1/2

[Event "XVII Open B"]
[Site "Crema ITA"]
[Date "2016.09.04"]
[Round "5"]
[White "Maraschi, Alberto"]
[Black "Galli, Fabrizio"]
[WhiteElo "1311"]
[BlackElo "1435"]
[Result "1-0"]
[PlyCount "138"]
[EventDate "2016.09.02"]

1. e4 c5 2. Nf3 Nc6 3. Nc3 a6 4. Be2 e6 5. b3 Be7 6. Bb2 Qc7 7. d3 Nf6 8. Qd2
O-O 9. h3 b5 10. Qe3 Nb4 11. Rc1 d6 12. a3 Nc6 13. O-O h6 14. Nd2 Nh7 15. Qg3
Nd4 16. Nf3 Nxe2+ 17. Nxe2 e5 18. c3 Nf6 19. Nh4 Nh5 20. Qf3 Nf6 21. Nf5 Nh7
22. h4 Bxf5 23. Qxf5 Bxh4 24. Qg4 Bg5 25. Rc2 Nf6 26. Qg3 Qe7 27. f4 Nh5 28.
Qh2 Nxf4 29. Nxf4 Bxf4 30. Qh3 Qg5 31. Bc1 Bxc1 32. Rfxc1 f5 33. Re1 f4 34.
Qe6+ Kh8 35. Qxd6 f3 36. Rf2 c4 37. b4 cxd3 38. Qxd3 Rad8 39. Qf1 Qg4 40. Rxf3
Rxf3 41. Qxf3 Qxf3 42. gxf3 Rd3 43. Rc1 Rxf3 44. a4 Rf4 45. axb5 axb5 46. Re1
g5 47. Kg2 Kg7 48. c4 bxc4 49. b5 Rf6 50. Rc1 Rb6 51. Rxc4 Rxb5 52. Kg3 Rb7 53.
Rc5 Re7 54. Kg4 Re6 55. Kf5 Rf6+ 56. Kxe5 Kg6 57. Kd4 h5 58. e5 Rf1 59. Kd5 Rf5
60. Rc6+ Kg7 61. Ke4 Rf4+ 62. Ke3 h4 63. e6 Rf8 64. Rc7+ Kf6 65. Kf3 Kxe6+ 66.
Kg4 Rf5 67. Rc6+ Ke5 68. Rc5+ Kf6 69. Rxf5+ Kg6 1-0

[Event "XVII Open B"]
[Site "Crema ITA"]
[Date "2016.09.04"]
[Round "5"]
[White "Paniga, Danilo"]
[Black "Simeone, Giulio Maria"]
[WhiteElo "1764"]
[BlackElo "1641"]
[Result "1-0"]
[PlyCount "91"]
[EventDate "2016.09.02"]

1. Nf3 d5 2. g3 c5 3. Bg2 Nc6 4. O-O g6 5. d3 Bg7 6. Nbd2 e5 7. c4 d4 8. Ne4
Qe7 9. e3 Nf6 10. Nxf6+ Qxf6 11. exd4 cxd4 12. Re1 O-O 13. Bg5 Qd6 14. Nd2 f6
15. Bd5+ Kh8 16. Ne4 Qe7 17. Bd2 Be6 18. Bxe6 Qxe6 19. f4 h6 20. fxe5 fxe5 21.
b4 a5 22. b5 Ne7 23. Qe2 b6 24. Rf1 Nf5 25. Rae1 Rac8 26. Bc1 Rfe8 27. Rf2 Nd6
28. Ref1 Rf8 29. Rxf8+ Rxf8 30. Rxf8+ Bxf8 31. Qf3 Qf7 32. Kg2 Kg8 33. Nxd6
Bxd6 34. Qxf7+ Kxf7 35. Bxh6 Be7 36. Bd2 Ke6 37. Kf3 Kf5 38. h4 Ke6 39. Ke4 Bd8
40. Bh6 Be7 41. Bg7 Bd6 42. g4 Be7 43. h5 Bf6 44. Bxf6 Kxf6 45. hxg6 Kxg6 46.
Kxe5 1-0

[Event "XVII Open B"]
[Site "Crema ITA"]
[Date "2016.09.04"]
[Round "5"]
[White "Peloni, Davide"]
[Black "Colonetti, Fabio"]
[WhiteElo "1587"]
[BlackElo "1848"]
[Result "0-1"]
[PlyCount "48"]
[EventDate "2016.09.02"]

1. e4 Nf6 2. e5 Nd5 3. d4 d6 4. Nf3 g6 5. Bc4 Nb6 6. Bb3 Bg7 7. O-O O-O 8. Re1
Nc6 9. Bf4 Bg4 10. c3 dxe5 11. dxe5 Qc8 12. Nbd2 Rd8 13. Qc1 Nd5 14. Bg3 Bh6
15. Qc2 Nf4 16. Bc4 Bf5 17. Ne4 Kg7 18. Bh4 Bg4 19. Ned2 Rd7 20. Qe4 Bf5 21.
Qe3 Nh3+ 22. gxh3 Bxe3 23. Rxe3 Bxh3 24. Ng5 Rxd2 0-1

[Event "XVII Open B"]
[Site "Crema ITA"]
[Date "2016.09.04"]
[Round "5"]
[White "Persico, Lorenzo"]
[Black "Scarpellini, Felice"]
[WhiteElo "1573"]
[BlackElo "1652"]
[Result "1/2-1/2"]
[PlyCount "52"]
[EventDate "2016.09.02"]

1. e4 c5 2. Nc3 e6 3. g3 a6 4. Bg2 Qc7 5. d3 Nf6 6. Be3 Be7 7. Qd2 Nc6 8. Nge2
O-O 9. O-O b5 10. Nd1 Bb7 11. a4 b4 12. b3 a5 13. c3 Rfd8 14. cxb4 Nxb4 15. Rc1
Rac8 16. Ndc3 Qb8 17. Na2 d5 18. Nxb4 cxb4 19. Rxc8 Rxc8 20. f3 Ba8 21. Rc1
dxe4 22. Rxc8+ Qxc8 23. dxe4 Qd7 24. Qd4 Qxd4 25. Nxd4 Nd7 26. Bf1 g6 1/2-1/2

[Event "XVII Open B"]
[Site "Crema ITA"]
[Date "2016.09.04"]
[Round "5"]
[White "Piana, Bruno"]
[Black "Oteri, Aldo"]
[WhiteElo "1563"]
[BlackElo "1803"]
[Result "0-1"]
[PlyCount "40"]
[EventDate "2016.09.02"]

1. e4 e6 2. d4 d5 3. e5 c5 4. c3 Nc6 5. Nf3 Qb6 6. a3 f6 7. b4 cxd4 8. cxd4
fxe5 9. Bb2 e4 10. Ne5 Nxe5 11. dxe5 Nh6 12. Bd4 Qd8 13. Nd2 Nf5 14. Bb2 e3 15.
Bb5+ Bd7 16. Bxd7+ Qxd7 17. Nb3 exf2+ 18. Kxf2 Be7 19. Qg4 O-O 20. Nd2 Nh6+ 0-1

[Event "XVII Open B"]
[Site "Crema ITA"]
[Date "2016.09.04"]
[Round "5"]
[White "Righini, Giovanni"]
[Black "Forti, Francesco"]
[WhiteElo "1850"]
[BlackElo "1704"]
[Result "0-1"]
[PlyCount "56"]
[EventDate "2016.09.02"]

1. e4 e6 2. d4 d5 3. e5 c5 4. Nf3 Nc6 5. Bd3 Qb6 6. O-O Nxd4 7. Nxd4 cxd4 8. a3
Ne7 9. Re1 Bd7 10. Nd2 Nc6 11. Qg4 h5 12. Qg3 O-O-O 13. Nf3 f6 14. Nh4 Nxe5 15.
Rxe5 fxe5 16. Ng6 Rg8 17. Bg5 Re8 18. Nxe5 Bd6 19. Rc1 Qc7 20. f4 Bxe5 21. fxe5
Ref8 22. c3 Qb6 23. c4 dxc4 24. Rxc4+ Kb8 25. b4 Bb5 26. Be7 Bxc4 27. Bc5 Qa6
28. Bh7 Rf1# 0-1

[Event "XVII Open B"]
[Site "Crema ITA"]
[Date "2016.09.04"]
[Round "5"]
[White "Sparber, Werner"]
[Black "Ferrari, Paolo"]
[WhiteElo "1785"]
[BlackElo "1690"]
[Result "1-0"]
[PlyCount "135"]
[EventDate "2016.09.02"]

1. d4 Nf6 2. Nf3 e6 3. e3 d5 4. c4 Nbd7 5. Nc3 Bd6 6. a3 c6 7. Bd3 O-O 8. O-O
e5 9. e4 exd4 10. Nxd4 dxe4 11. Nxe4 Nxe4 12. Bxe4 Bxh2+ 13. Kxh2 Qh4+ 14. Kg1
Qxe4 15. Re1 Qg6 16. Re3 Nb6 17. Rg3 Qf6 18. c5 Nd5 19. Bg5 Qe5 20. Bh6 Re8 21.
Rxg7+ Kh8 22. Rxf7 Rg8 23. Qd3 Nf6 24. Qf3 Qxd4 25. Qxf6+ Qxf6 26. Rxf6 Bh3 27.
g3 Rg6 28. Rf8+ Rxf8 29. Bxf8 Kg8 30. Bd6 Re6 31. b4 Bg4 32. Bf4 Bf3 33. Kf1
Kf7 34. Ra2 Bd5 35. Rd2 Bc4+ 36. Kg2 Re2 37. Rxe2 Bxe2 38. Kh3 Bf3 39. Kh4 Kf6
40. g4 Be2 41. Bd2 Bd1 42. f4 Bc2 43. f5 Bd3 44. Bc3+ Kf7 45. Kg5 Be2 46. Kf4
Bc4 47. Ke5 Ke7 48. g5 Bb3 49. Be1 a6 50. Bh4 Kf7 51. Kd6 Bc2 52. f6 Bb3 53.
Kc7 Ba4 54. Kxb7 Bb5 55. Bg3 Ke6 56. Kc7 Kf7 57. Kd7 Ba4 58. Bd6 Bb5 59. Be7
Ba4 60. Kd6 Bb5 61. Ke5 Bd3 62. a4 Bc2 63. b5 axb5 64. axb5 cxb5 65. c6 Ke8 66.
c7 Kd7 67. c8=Q+ Kxc8 68. f7 1-0

[Event "XVII Open B"]
[Site "Crema ITA"]
[Date "2016.09.04"]
[Round "5"]
[White "Tedoldi, Guido"]
[Black "Haller, Quentin"]
[WhiteElo "1526"]
[BlackElo "1561"]
[Result "1/2-1/2"]
[PlyCount "55"]
[EventDate "2016.09.02"]

1. c4 e5 2. Nc3 Nf6 3. e4 Nc6 4. Nf3 Bc5 5. h3 d6 6. d3 h6 7. Be2 O-O 8. Nd5
Nd4 9. Nxd4 Bxd4 10. Rb1 c6 11. Nc3 Qb6 12. Qd2 Bxf2+ 13. Kd1 Bg3 14. Qe3 Qxe3
15. Bxe3 d5 16. cxd5 cxd5 17. exd5 Rd8 18. Bf3 b6 19. Ke2 Bf4 20. Nb5 Bxe3 21.
Kxe3 Bb7 22. Nc7 Rac8 23. Rbc1 Bxd5 24. Nxd5 Nxd5+ 25. Bxd5 Rxc1 26. Bxf7+ Kxf7
27. Rxc1 Rd7 28. Rc6 1/2-1/2

[Event "XVII Open B"]
[Site "Crema ITA"]
[Date "2016.09.04"]
[Round "5"]
[White "Tiraboschi, Nicolo'"]
[Black "Pinna, Ferdinando"]
[WhiteElo "1723"]
[BlackElo "1894"]
[Result "1-0"]
[PlyCount "89"]
[EventDate "2016.09.02"]

1. e4 c5 2. Nc3 Nc6 3. f4 g6 4. Nf3 Bg7 5. Bb5 Nd4 6. O-O Nxb5 7. Nxb5 a6 8.
Nc3 d6 9. d3 e6 10. Qe1 Ne7 11. Qh4 Nc6 12. Qh3 Nd4 13. Nxd4 Bxd4+ 14. Kh1 b5
15. f5 O-O 16. Bh6 Re8 17. fxg6 hxg6 18. e5 Bxe5 19. Ne4 f5 20. Bg5 Qc7 21. Bf6
Qh7 22. Qxh7+ Kxh7 23. Bxe5 fxe4 24. Rf7+ Kh6 25. Bxd6 exd3 26. Raf1 e5 27.
Bf8+ Rxf8 28. Rxf8 e4 29. cxd3 exd3 30. Kg1 Bb7 31. Rxa8 Bxa8 32. Kf2 c4 33. g3
Bd5 34. Ke3 a5 35. Rf8 c3 36. bxc3 Bxa2 37. Kxd3 Bc4+ 38. Ke3 Kg7 39. Ra8 a4
40. Kf4 Kh6 41. h4 Bf7 42. g4 Bc4 43. Ra7 Bg8 44. g5+ Kh5 45. Kg3 1-0